000 00869cab a2200229 4500
001 ABS38913
008 090401t1988 xxu||||| |||| 00| 0 eng d
035 _a(Sirsi) u13288
041 _aeng
100 _aTaylor, C.M.A.
245 _aAgro-forestry - you won`t see the food for the trees
260 _c1988
350 _a0
490 _aForestry & British Timber
_v17(3) March 1988, 20-31(3)
520 _aAgroforestry , involving the integration of agricultural and forestry production on the same site, is increasingly practised in the tropics and more temperate regions of the world. This article describes research into an agroforestry system, silvopastoralism , to assess its viability in upland Britain.
650 _aDIVERSIFICATION
650 _aFARM FORESTRY
650 _aFARMING
690 _aRURAL PRACTICE
942 _n0
948 _c04/03/1997
999 _c8559
_d8559